Statistiques concernant L'électro français

Cliquez ici pour prendre le quiz!

Statistiques générales

  • Ce quiz a été pris 55 fois
  • Le résultat moyen est 8 sur 26

Statistiques - réponses

Titre du morceauArtiste% Correct
Around the worldDaft Punk
96%
D.A.N.C.EJustice
78%
Love is gone (& Chris Willis)David Guetta
76%
NightcallKavinsky
76%
Sunset loverPetit Biscuit
73%
Hello (& Dragonette)Martin Solveig
65%
This girl (vs Cookin' on 3 Burners)Kungs
61%
Baby I'm yours (ft Irfane)Breakbot
45%
Goodbye (ft Lyse)Feder
45%
Oxygène Partie 4Jean-Michel Jarre
43%
La ritournelleSébastien Tellier
37%
You're on (ft Kyan)Madeon
20%
Djon mayaSynapson
16%
CanopéePolo et Pan
14%
TerritoryThe Blaze
14%
Don't be lightAir
12%
Moon (And it went like)Kid Francescoli
8%
WaitM83
8%
To let myself go (ft Ane Brun)The Avener
8%
You (ft Madelin Follin)Étienne de Crécy
6%
Room with a viewRone
6%
Alter EgoN'to
4%
HometownFrench 79
2%
MoskvaThylacine
2%
Coeur de la nuit (remix)Worakls
2%
I am that guyAgar Agar
0%

Distribution des résultats

Percentile par nombre de réponses

% des personnes avec chaque résultat

Votre développement - résultats

Vous n’avez pas pris ce quiz